<Le> commerce extérieur japonais.

Charakteristika japonského zahraničného obchodu. Jeho citlivosť na medzinárodnú konjunktúru. Determinanty japonského zahraničného obchodu - priemyselná stratégia. Sociologické údaje priaznivé pre dovoz. Perspektívy vývoja japonského zahraničného obchodu. (Japon, économie et société 1990, č.242.).

Salvato in:
Dettagli Bibliografici
Autore principale: Dinand, J.-M
Natura: Capitolo di libro
Lingua:francese
Soggetti:
Tags: Aggiungi Tag
Nessun Tag, puoi essere il primo ad aggiungerne!!

MARC

LEADER 00000naa a2200000 4500
001 r004106
005 20221125091549.7
041 0 |a fre 
044 |a FR 
245 1 0 |a <Le> commerce extérieur japonais.  |c J.-M. Dinand 
520 |a Charakteristika japonského zahraničného obchodu. Jeho citlivosť na medzinárodnú konjunktúru. Determinanty japonského zahraničného obchodu - priemyselná stratégia. Sociologické údaje priaznivé pre dovoz. Perspektívy vývoja japonského zahraničného obchodu. (Japon, économie et société 1990, č.242.). 
610 2 0 |a obchod zahraničný 
610 2 0 |a Japonsko 
610 2 0 |a konjunktúra 
610 2 0 |a dovoz 
100 1 |a Dinand, J.-M.